|
|
|
|
| LEADER |
00000nam0a2200000 4500 |
| 001 |
144937 |
| 005 |
20231031143858.0 |
| 020 |
|
|
|a RU
|b 85-80492
|
| 035 |
|
|
|a (RuTPU)RU\TPU\book\157092
|
| 090 |
|
|
|a 144937
|
| 100 |
|
|
|a 20081010d1985 de y0rusy5003 ca
|
| 101 |
0 |
|
|a rus
|
| 102 |
|
|
|a MD
|
| 105 |
|
|
|a a z 000ay
|
| 200 |
1 |
|
|a Немаршевый батальон
|e повести
|e для среднего и старшего школьного возраста
|f А. И. Наниев
|g худож. Г. Злобин
|
| 210 |
|
|
|a Кишинев
|c Литература артистикэ
|d 1985
|
| 215 |
|
|
|a 307 с.
|c ил.
|d 21 см
|
| 610 |
1 |
|
|a советская литература
|
| 610 |
1 |
|
|a повести
|
| 675 |
|
|
|a Р2
|z rus
|
| 700 |
|
1 |
|a Наниев
|b А. И.
|g Александр Иванович
|4 070
|
| 702 |
|
1 |
|a Злобин
|b Г.
|4 440
|
| 801 |
|
0 |
|a RU
|b RuMRKP
|c 19950704
|g psbo
|
| 801 |
|
1 |
|a RU
|b 63413507
|c 20081010
|g PSBO
|
| 801 |
|
2 |
|a RU
|b 63413507
|c 20081010
|g PSBO
|
| 942 |
|
|
|c BK
|